Futurama Characters - Sudden Death - Statistics

General Stats
  • This quiz has been taken 578 times
    58 since last reset
  • The average score is 16 of 36
Answers on the Grid
Answers color-coded by a green-red scale on the quiz's grid according to % correct below.
Philip J. Fry
Bender
Lionel Hutz
Leela
Professor Farnsworth
Dr. Zoidberg
Ruth Powers
Amy Wong
Hermes Conrad
Kif Kroker
Zapp Brannigan
Kang
Nibbler
Mom
Cookie Kwan
Scruffy
Kodos
Calculon
Morbo
Walt
Larry
Igner
Eddie
Lrrr
Ndnd
The Donbot
Fat Tony
Clamps
Joey Mousepad
Dr. Ogden Wernstrom
Lou
Richard Nixon
Roberto
Disco Stu
Robot Devil
Bumblebee Man
Robot Santa
Barbados Slim
Stampy
Carl Carlson
Elzar
Hedonismbot
Hypnotoad
Snowball II
Arnie Pye
Officer Smitty
Blinky
Officer URL
Petunia
Sal
Tinny Tim
 
Answer Stats
Answer % Correct
Philip J. Fry
84%
Dr. Zoidberg
77%
Leela
77%
Bender
70%
Richard Nixon
67%
Amy Wong
65%
Zapp Brannigan
65%
Nibbler
60%
Professor Farnsworth
60%
Hermes Conrad
56%
Mom
56%
Scruffy
56%
Calculon
49%
Hypnotoad
49%
Kif Kroker
49%
Robot Devil
47%
Robot Santa
47%
Dr. Ogden Wernstrom
42%
Hedonismbot
42%
Clamps
40%
Elzar
40%
The Donbot
40%
Roberto
37%
Tinny Tim
35%
Lrrr
33%
Barbados Slim
30%
Morbo
28%
Officer URL
28%
Ndnd
26%
Officer Smitty
26%
Larry
23%
Igner
19%
Sal
19%
Walt
16%
Petunia
12%
Joey Mousepad
9%
No matching quizzes found
Score Distribution
Percent of People with Each Score
Percentile by Number Answered
Your Score History
You have not taken this quiz since the last reset